000 00931nmc a2200313 a 4500
003 AR-BaBNM
005 20251128205754.0
008 011101s1993 ||||||||||||||000 | spa||
020 _a84-7043-705-4
040 _cAR-BaBNM
100 1 _aTuvilla Rayo, José
245 1 0 _aEducar en los derechos humanos
_bpropuestas y dinámicas para educar en la paz
250 _a2ª ed.
260 _aMadrid
_bCCS
_c1993
300 0 _a205 p.
_bil., gráfs.
490 0 _aMateriales para educadores
_vv. 6
610 2 4 _aDeclaración Universal de los Derechos Humanos
650 4 _aEDUCACION PARA LA PAZ
650 4 _aDISCRIMINACION
650 4 _aDESASTRES PROVOCADOS POR EL HOMBRE
650 4 _aDERECHOS HUMANOS
650 4 _aDERECHOS DEL NINO
650 4 _aACTIVIDADES DE APRENDIZAJE
650 4 _aINTERDISCIPLINARIEDAD
651 4 _aEspaña
653 0 _aTEMAS TRANSVERSALES
653 0 _aREFORMA EDUCATIVA
942 _cBK
999 _c12755
_d12755